000 00931nam a22002537a 4500
005 20240530110904.0
008 220209s2007 ua a b 000 0 ara d
017 _bمصر. دار الكتب
_a2007/16988
040 _aEG-CaGPL
_cEG-CaGPL
082 0 4 _221
_a323.6\
_bق م
100 0 _aقايد دياب
245 1 2 _aالمواطنة والعولمة :
_bتساؤل الزمن الصعب /
_cقايد دياب
250 _aط.1
260 _aالقاهرة :
_bمركز القاهرة لدراسات حقوق الانسان ،
_c2007
300 _a440 ص؛
_c24 سم
490 0 _aسلسلة اطروحات جامعية ؛
_v9
504 _aيشتمل على ارجاعات ببليوجرافية
650 0 7 _2qrmak
_aحقوق الانسان
650 0 7 _aالمواطنة
_2qrmak
650 0 7 _aالمواطنة
_zمصر
_2qrmak
651 _2qrmak
942 _2ddc
_cBK
999 _c66186
_d66186